000 00392nam a2200157Ia 4500
008 230917s9999||||xx |||||||||||||| ||und||
020 _cRS27
040 _e6892
_aMAIN
041 _aEnglish
082 _a320.50954 M726C
100 _aMohanty, Manoranjan
245 0 _aContemporary Indian political theory
260 _aNew Delhi
_bSamskriti
_c2000
300 _axi, 109 p.
942 _cBK
999 _c105798
_d105798